000 00641nam a2200241Ia 4500
003 OSt
005 20220928113023.0
006 a|||||r|||| 00| 0
007 ta
008 220927b |||||||| |||| 00| 0 eng d
024 _a103114
037 _cTextual
040 _aSDCL
_cSDCL
_beng
041 _2eng
_aeng
082 _aO152,1M96x, L9.3
100 _aSharma Ram Vilas
_9393210
245 0 _aNirala ki shitya sadhna.
260 _aNew Delhi
_bRaj Kamal Prakashan
_c1979
300 _aV3/461p
_ccm.
490 _vV3/461p
942 _hO152,1M96x, L9.3
_cTEXL
_2CC
999 _c747684
_d747684